000 00529nam a2200169Ia 4500
005 20250923145308.0
008 008 250917s9999 xx 000 0 eng d
037 _aTextual
040 _aDSWL
_beng
_cDSWL
041 _aeng
_2eng
084 _aY3:7:7.4'N72, N74
_qDSWL
245 0 _aSurvey of the Social situation in the Ecafe Region 1972/73
_c by United Nations
260 _aColombo
_bSri Lanka ECAFE
_c1974
300 _aii,53 p.
942 _cTEXL
_hY3:7:7.4'N72, N74
999 _c1449599
_d1449599